[Event "Chicago op 20th"]
[Site "Wheeling"]
[Date "2011.05.30"]
[Round "9"]
[White "Andrews, Todd D"]
[Black "Srinivas, Moorthy"]
[Result "0-1"]
[WhiteElo "2291"]
[BlackElo "1890"]
[PlyCount "61"]
[EventDate "2011.05.26"]
[EventType "swiss"]
[EventRounds "9"]
[EventCountry "USA"]
[SourceTitle "CBM 142 Extra"]
[Source "ChessBase"]
[SourceDate "2011.06.27"]
[SourceVersion "1"]
[SourceVersionDate "2011.06.27"]
[SourceQuality "1"]

1. e4 c6 2. d4 d5 3. exd5 cxd5 4. c4 Nf6 5. Nc3 Nc6 6. Bg5 e6 7. Nf3 Be7 8. Bd3 0-0 9. 0-0 dxc4 10. Bxc4 b6 11. Re1 Bb7 12. a3 Nd5 13. Bd2 Nxc3 14. bxc3 Na5 15. Bd3 Rc8 16. Ne5 g6 17. Qg4 Bf6 18. h4 Bxe5 19. Rxe5 Nc4 20. Bxc4 Rxc4 21. h5 Bd5 22. Rae1 Qd7 23. R1e3 Ra4 24. Rh3 Rxa3 25. Qh4 Ra1+ 26. Kh2 a5 27. Bh6 Qd8 28. Bg5 Qd7 29. Be7 f6 30. Bxf8 Kxf8 31. hxg6 0-1